00851 2200301 4500001002100000005001500021035002000036007000300056040001700059100003400076245009800110250001200208300003300220020001800253041000800271082000600279084001300285090001800298264006000316336002100376337003000397338002300427500002000450650001300470850001000483008004100493990001500534INLIS00000000000660420260411092737 a0010-0522000051ta aSBPUPADbind0 aEditor, Farid AzizePengarang1 aBuku Acuan Nasional Onkologi Ginekologi /cEditor, Farid Aziz, Adrijono, Abdul Bari Saifuddin a.-cet.2 aiv,753 hlm. :bilus. ;c24cm a979-8150-23-60 aind aR aR DIA b aR DIA b L3-2 a.--Jakarta :bBina Pustaka Sarwono Prawirohardjo,c2010 2rdacontentaTeks 2rdamediaaTanpa Perantara 2rdacarrieravolume aindeks, 753 hlm 4aOnkologi aPUPAD260411 0  a658/B/2013